Países con la mayor cantidad de desierto - Estadísticas

Estadísticas generales
  • Esta prueba ha sido intentada 5.482 veces
  • La puntuación promedio es 16 de 21
Estadísticas de respuestas
km2 País % Correcto
900.000 Egipto
94%
2.100.000 Argelia
90%
2.000.000 China
89%
500.000 Estados Unidos
89%
1.900.000 Rusia
88%
2.100.000 Arabia Saudita
87%
1.600.000 Libia
85%
1.500.000 Sudán
85%
2.500.000 Australia
81%
800.000 Chad
81%
400.000 Irán
79%
750.000 Níger
79%
750.000 Malí
78%
400.000 Mongolia
78%
1.000.000 Mauritania
76%
2.000.000 Canadá
74%
400.000 Argentina
73%
450.000 Pakistán
62%
500.000 Yemen
62%
500.000 Namibia
52%
450.000 Somalia
49%
No se encontraron pruebas coincidentes
Distribución de puntuación
Porcentaje de gente con cada puntuación
Porcentaje por número respondido
Historial de tus puntuaciones
No has intentado esta prueba.